Abingdon funeral manual. (Record no. 8723)

000 -LEADER
fixed length control field 00752nam a2200217 a 4500
001 - CONTROL NUMBER
control field :::00006501$&:&@@
003 - CONTROL NUMBER IDENTIFIER
control field OkBaRHE
005 - DATE AND TIME OF LATEST TRANSACTION
control field 20100331135411.0
008 - FIXED-LENGTH DATA ELEMENTS--GENERAL INFORMATION
fixed length control field s1984 j 000 0 eng u
020 ## - INTERNATIONAL STANDARD BOOK NUMBER
International Standard Book Number 0687004705 (pbk.)
040 ## - CATALOGING SOURCE
Transcribing agency
100 1# - MAIN ENTRY--PERSONAL NAME
Personal name Biddle, Perry H., 1932-
245 10 - TITLE STATEMENT
Title Abingdon funeral manual.
250 ## - EDITION STATEMENT
Edition statement Rev. ed.
260 ## - PUBLICATION, DISTRIBUTION, ETC. (IMPRINT)
Place of publication, distribution, etc Nashville, TN., :
Name of publisher, distributor, etc Abingdon Press
Date of publication, distribution, etc 1984
300 ## - PHYSICAL DESCRIPTION
Extent 165 p. ;
Dimensions 21 cm.
650 ## - SUBJECT ADDED ENTRY--TOPICAL TERM
Topical term or geographic name as entry element Funeral service
General subdivision Handbooks, manuals, etc.
942 ## - ADDED ENTRY ELEMENTS (KOHA)
Source of classification or shelving scheme
Koha item type Books
Copies
Not for loan Permanent Location Copy number Shelving location Koha item type Withdrawn status Date last seen Source of classification or shelving scheme Damaged status Date acquired Lost status Full call number Barcode Price effective from
 RHEMA Bible Training College1General StacksBooks 2010-04-14  2010-04-14 BV 199 .F8 B47 198465012010-04-14
 RHEMA Bible Training College2General StacksBooks 2010-04-14  2010-04-14 BV 199 .F8 B47 1984151722010-04-14